000 00868nam a2200277 i 4500
001 bg
100 1 _aJasudowicz, Tadeusz.
245 1 0 _aAdministracja wobec praw człowieka /
_cTadeusz Jasudowicz.
260 _aToruń :
_bTowarzystwo Naukowe Organizacji i Kierownictwa "Dom Organizatora",
_c1996.
300 _a160 s. ;
_c24 cm.
500 _aZawiera także tłumaczenia dokumentacji europejskiej dot. problematyki praw człowieka.
650 9 _aPostępowanie administracyjne
_xprawo
_zEuropa.
650 9 _aPrawa człowieka.
650 9 _aPrawo administracyjne
_zEuropa.
650 9 _aPrawo międzynarodowe
_zEuropa.
020 _a8385709908
040 _cBPK
041 0 _apol
044 _aPOL
080 _a342.9
080 _a341
080 _a341.231.14
920 _a83-85709-90-8
942 _cKS
008 130116s pl a f |000 0 pol
999 _c53835
_d53835
856 _uhttp://koha.tu.koszalin.pl/cgi-bin/koha/opac-detail.pl?biblionumber=53835
_yKatalog online BPK